Online
Catalog

1000 obras maestras de la pintura /. (Record no. 18895)

MARC details
000 -CABECERA
campo de control de longitud fija 00627nam a2200205 a 4500
001 - NÚMERO DE CONTROL
campo de control 000019378
005 - FECHA Y HORA DE LA ÚLTIMA TRANSACCIÓN
campo de control 20200929170012.0
008 - DATOS DE LONGITUD FIJA--INFORMACIÓN GENERAL
campo de control de longitud fija 100628s2006 es ac 001 0 spa d
020 ## - NÚMERO INTERNACIONAL ESTÁNDAR DEL LIBRO
Número Internacional Estándar del Libro 8466213775
040 ## - FUENTE DE LA CATALOGACIÓN
Centro catalogador/agencia de origen DO-SdBNP
Lengua de catalogación spa
Centro/agencia transcriptor BNPHU
082 ## - NÚMERO DE LA CLASIFICACIÓN DECIMAL DEWEY
Número de clasificación 750
Número de documento/Ítem O131m
049 ## - FONDOS LOCALES (OCLC)
Fondos de biblioteca BNPD
245 00 - MENCIÓN DE TÍTULO
Título 1000 obras maestras de la pintura /.
246 13 - FORMA VARIANTE DE TÍTULO
Título propio/Titulo breve Mil obras maestras de la pintura /
260 ## - PUBLICACIÓN, DISTRIBUCIÓN, ETC.
Lugar de publicación, distribución, etc. Madrid :
Nombre del editor, distribuidor, etc. Libsa,
Fecha de publicación, distribución, etc. 2006.
300 ## - DESCRIPCIÓN FÍSICA
Extensión 672 p. :
Otras características físicas il., retrs. ;
Dimensiones 14 cm.
650 #4 - PUNTO DE ACCESO ADICIONAL DE MATERIA--TÉRMINO DE MATERIA
Término de materia o nombre geográfico como elemento de entrada Pintura
Subdivisión cronológica SIGLO X-Xlll
Subdivisión general Historia
9 (RLIN) 41629
650 #4 - PUNTO DE ACCESO ADICIONAL DE MATERIA--TÉRMINO DE MATERIA
Término de materia o nombre geográfico como elemento de entrada Pintores
Subdivisión cronológica SIGLO XlV-XX
Subdivisión general Historia y crítica
9 (RLIN) 41630
650 #4 - PUNTO DE ACCESO ADICIONAL DE MATERIA--TÉRMINO DE MATERIA
Término de materia o nombre geográfico como elemento de entrada Pintores
Subdivisión general Técnica
9 (RLIN) 41631
Holdings
Estado de retiro Estado de pérdida Restricciones de uso No para préstamo Código de colección Localización permanente Ubicación/localización actual Ubicación en estantería Fecha de adquisición Número de inventario Total de préstamos Signatura topográfica completa Código de barras Fecha visto por última vez Precio válido a partir de Tipo de ítem Koha Número de copia
      Excluido de préstamo Monografías: Libros y Folletos R R En catalogación 28.06.2010 LF1   750 O131m 19378-10 25.06.2020 25.06.2020 No se presta  
    Préstamo interno Préstamo restrigido Monografías: Libros y Folletos R R En catalogación 28.06.2010 LF1   750 O131m 19378-20 25.06.2020 25.06.2020 Préstamo interno e. 2

Powered by Koha